000 00353nam a22001457a 4500
005 20231103144511.0
008 231103b |||||||| |||| 00| 0 eng d
041 _aeng
245 _aINTRODUCTION TO PHARMACEUTICS -II 4TH, ED.
250 _a4TH, ED. 2000
260 _aNEW DELHI
_bC.B.S PVT.LTD
300 _a295;p
650 _aPHARMACY
942 _cBK
999 _c8456
_d8454